| 000 | 01100cam a2200385 a 4500 | ||
|---|---|---|---|
| 001 | 14165081 | ||
| 003 | DO-SdBNP | ||
| 005 | 20171123124606.0 | ||
| 008 | 051104s2005 nyu e 000 1 eng d | ||
| 010 | _a | ||
| 015 |
_a _2 |
||
| 016 | 7 |
_a _2 |
|
| 020 | _a075821099X | ||
| 035 | _a | ||
| 035 | _a | ||
| 040 |
_a _c _d _d _d |
||
| 042 | _a | ||
| 043 | _a | ||
| 050 | 0 | 0 |
_a _b |
| 082 | 0 | 4 |
_a813.54 _2 _bL183c |
| 100 | 1 |
_aLaHaye, Tim, _d1926-2016. |
|
| 245 | 1 | 0 |
_aCome spring / _cTim LaHaye and Gregory S. Dinallo. |
| 260 |
_aNew York : _bKensington Books, _c2005 |
||
| 300 |
_a137 p. ; _c21 cm. |
||
| 650 | 0 |
_aScots _zMassachusetts _zBoston _vFicción |
|
| 650 | 0 |
_aFotógrafos _zMassachusetts _zBoston _vFicción |
|
| 655 | 7 |
_aLove stories. _2 |
|
| 700 | 1 | _aDinallo, Gregory S. | |
| 856 | 4 | 2 |
_3Contributor biographical information _uhttp://www.loc.gov/catdir/enhancements/fy1204/2005541268-b.html |
| 906 |
_a _b _c _d _e _f _g |
||
| 942 |
_2ddc _cBK |
||
| 945 | _aInventariado extranjero / 2017 VM | ||
| 956 |
_aVMATEO _b10 _c20171123 _dBPMSU _f0069 |
||
| 999 |
_c13050 _d13050 |
||